Ramona the pest / (Record no. 1274)

MARC details
000 -LEADER
fixed length control field 00895cam a2200265 4500
005 - DATE AND TIME OF LATEST TRANSACTION
control field 20241121120334.0
040 ## - CATALOGING SOURCE
Original cataloging agency DLC
Transcribing agency DLC
Modifying agency DLC
Language of cataloging eng
050 00 - LIBRARY OF CONGRESS CALL NUMBER
Classification number PZ7.C5792
Item number Ram
082 00 - DEWEY DECIMAL CLASSIFICATION NUMBER
Classification number [Fic]
Edition number 19
100 1# - MAIN ENTRY--PERSONAL NAME
Personal name Cleary, Beverly
245 10 - TITLE STATEMENT
Title Ramona the pest /
Statement of responsibility, etc. by Beverly Cleary
260 ## - PUBLICATION, DISTRIBUTION, ETC.
Place of publication, distribution, etc. New York :
Name of publisher, distributor, etc. W. Morrow ;
Date of publication, distribution, etc. 1968 .
300 ## - PHYSICAL DESCRIPTION
Extent 192 pages :
Other physical details Illustrations ;
Dimensions 20 cm.
505 ## - FORMATTED CONTENTS NOTE
Formatted contents note U <br/>
520 ## - SUMMARY, ETC.
Summary, etc. Ramona meets lots of interesting people in kindergarten class, like Davy whom she keeps trying to kiss and Susan whose springy curls seem to ask to be pulled.
521 ## - TARGET AUDIENCE NOTE
Target audience note 850 <br/>
Source Lexile <br/>
521 ## - TARGET AUDIENCE NOTE
Target audience note U <br/>
Source Raz-Plus <br/>
650 #1 - SUBJECT ADDED ENTRY--TOPICAL TERM
Topical term or geographic name entry element Kindergarten
Form subdivision Fiction.
650 #1 - SUBJECT ADDED ENTRY--TOPICAL TERM
Topical term or geographic name entry element Schools
Form subdivision Fiction.
655 #7 - INDEX TERM--GENRE/FORM
Genre/form data or focus term Juvenile literature
Chronological subdivision 1968.
Source of term rbgenr
700 1# - ADDED ENTRY--PERSONAL NAME
Personal name Darling, Louis
Relator term Illustrator.
906 ## - LOCAL DATA ELEMENT F, LDF (RLIN)
a 7
b cbc
c orignew
d u
e ncip
f 19
g y-gencatlg
942 ## - ADDED ENTRY ELEMENTS (KOHA)
Source of classification or shelving scheme Dewey Decimal Classification
Koha item type Books
Suppress in OPAC No
999 ## -
-- 1274
-- 1274
Holdings
Withdrawn status Lost status Source of classification or shelving scheme Damaged status Not for loan Collection Home library Current library Shelving location Date acquired Total Checkouts Full call number Barcode Date last seen Date last checked out Price effective from Koha item type
    Dewey Decimal Classification     Juvenile Fiction Footprints International School Library Network Toul Kork Campus Footprints International School Library Network Toul Kork Campus TTP Secondary Fiction Bookshelves 08/10/2023 1 CLE Fic PZ7.C5792 FIS00450 03/04/2024 01/08/2024 08/10/2023 Books